| 000 | 00578nam a2200193Ia 4500 | ||
|---|---|---|---|
| 005 | 20260114185639.0 | ||
| 008 | 008 260114s9999 xx 000 0 eng d | ||
| 020 | _a9781474240970 | ||
| 037 | _aEBOOK | ||
| 040 |
_aCRL _beng _cCRL |
||
| 041 |
_aeng _2eng |
||
| 084 | _qCRL | ||
| 100 |
_aIan Kershaw _9872655 |
||
| 245 | 4 | _aThe Nazi Dictatorship Problems and Perspectives of Interpretation | |
| 260 |
_bBloomsbury _c2015 |
||
| 856 | _uhttps://doi.org/10.5040/9781474240970?locatt=label:secondary_bloomsburyCollections | ||
| 942 | _cEBOOK | ||
| 999 |
_c1471603 _d1471603 |
||